[Event "33. Potsdamer Weihnachtsturnier"]
[Site "Potsdam"]
[Date "2008.12.27"]
[Round "1"]
[White "Eichstaedt, Mirko"]
[Black "Zimmermann, René"]
[Result "0-1"]
[WhiteElo "1410"]
[BlackElo "2007"]
[PlyCount "100"]

1. c4 e6 2. d4 d5 3. Nc3 c6 4. cxd5 exd5 5. Nf3 Bd6 6. Qc2 f5 7. Bg5 Nf6 8. e3
O-O 9. Bd3 Qd7 10. O-O Ne4 11. Ne2 Qc7 12. Bf4 Nd7 13. Rac1 Bxf4 14. Nxf4 Qd6
15. a3 Qh6 16. h4 Ndf6 17. g3 Ng4 18. Kg2 Qf6 19. Nh2 Nexf2 20. Rxf2 Nxe3+
21. Kg1 Nxc2 22. Bxc2 Qxd4 23. b4 Bd7 24. Nf3 Qe3 25. Nd3 Rae8 26. Re1 Qb6
27. Nfe5 Bc8 28. Kg2 Qd4 29. Nf3 Qc3 30. Rb1 Re3 31. Rb3 Qxb3 32. Bxb3 Rxd3
33. Nd2 Re8 34. Bc2 Rxa3 35. Bxf5 Bxf5 36. Rxf5 Ra2 37. Rf2 Re3 38. g4 Rc3
39. Kf1 Rd3 40. Nf3 Rxf2+ 41. Kxf2 Rb3 42. Ne5 Rxb4 43. h5 Re4 44. Nd7 Rxg4
45. Nc5 a5 46. Nxb7 a4 47. Nc5 a3 48. Kf3 Rb4 49. Nd3 Rb3 50. Ke2 Rxd3 0-1

[Event "33. Potsdamer Weihnachtsturnier"]
[Site "Potsdam"]
[Date "2008.12.27"]
[Round "1"]
[White "Fischer, Semen"]
[Black "Zorn, Nico"]
[Result "1-0"]
[WhiteElo "2001"]
[BlackElo "1368"]
[PlyCount "86"]

1. Nc3 d5 2. d4 e6 3. e4 dxe4 4. Nxe4 Nf6 5. Ng3 Bd6 6. c3 b6 7. Bd3 Bb7
8. Nf3 Nbd7 9. O-O O-O 10. Ng5 h6 11. N5e4 Nxe4 12. Nxe4 f5 13. Nxd6 cxd6
14. Re1 Re8 15. Qb3 Qf6 16. Bf4 Qg6 17. g3 Kf7 18. Bxd6 Qg4 19. Be2 Qh3 20. Bf1
Qg4 21. Re3 a6 22. Rae1 Qg6 23. Bc4 Kg8 24. Rxe6 Rxe6 25. Rxe6 Kh7 26. Rxg6
Kxg6 27. Bd5 Bxd5 28. Qxd5 Re8 29. Be5 Re7 30. Kg2 a5 31. h4 h5 32. Qd6+ Kf7
33. Bxg7 b5 34. Be5 b4 35. Kf3 bxc3 36. bxc3 Nxe5+ 37. dxe5 Re6 38. Qd5 a4
39. Kf4 Ke7 40. Qb7+ Kf8 41. Kxf5 Re7 42. Qxe7+ Kxe7 43. e6 a3 1-0

[Event "33. Potsdamer Weihnachtsturnier"]
[Site "Potsdam"]
[Date "2008.12.27"]
[Round "1"]
[White "Heinrich, Phillipp"]
[Black "Rackowiak, Hans"]
[Result "0-1"]
[WhiteElo "1348"]
[BlackElo "1998"]
[PlyCount "112"]

1. e4 d5 2. d4 dxe4 3. Nc3 e5 4. Be3 Bf5 5. dxe5 Qxd1+ 6. Rxd1 Bb4 7. Bg5 Nc6
8. f4 h6 9. Bh4 a6 10. Bc4 Nge7 11. Ne2 Ng6 12. Bg3 Bc5 13. Nd5 O-O-O 14. a3
Rd7 15. b4 Ba7 16. Nec3 b5 17. Bxb5 axb5 18. Nxb5 Rhd8 19. Nxa7+ Nxa7 20. c4
Kb7 21. O-O c6 22. Ne3 Rxd1 23. Rxd1 Rxd1+ 24. Nxd1 Be6 25. Ne3 Ne7 26. Kf2 Nf5
27. Nxf5 Bxf5 28. Ke3 Nc8 29. Bh4 Be6 30. c5 Bd5 31. g4 g6 32. Bf6 Kc7 33. f5
Na7 34. e6 gxf5 35. exf7 Bxf7 36. gxf5 Bd5 37. Bg7 h5 38. f6 Kd7 39. f7 Bxf7
40. Kxe4 Bd5+ 41. Ke5 Bb3 42. Bf8 Nb5 43. Bd6 Nxa3 44. Kd4 Nb5+ 45. Ke5 Nxd6
46. cxd6 Ba4 47. h3 Bb5 48. h4 Be2 49. Kd4 Kxd6 50. Ke4 Bc4 51. Kd4 Bd5 52. Ke3
Ke5 53. Kf2 Kf4 54. Kg1 Kg3 55. Kf1 Kxh4 56. Kf2 Kg4 0-1

[Event "33. Potsdamer Weihnachtsturnier"]
[Site "Potsdam"]
[Date "2008.12.27"]
[Round "1"]
[White "Nguyen Manh, Hoang"]
[Black "Scheide, Helmut"]
[Result "0-1"]
[WhiteElo "1306"]
[BlackElo "1991"]
[PlyCount "84"]

1. e4 e5 2. Nf3 Nc6 3. Bc4 Nf6 4. d3 d5 5. exd5 Nxd5 6. Bxd5 Qxd5 7. Nc3 Bb4
8. Bd2 Bxc3 9. Bxc3 Bg4 10. Qe2 O-O-O 11. Qe4 Bxf3 12. gxf3 Nd4 13. Bxd4 exd4
14. Qxd5 Rxd5 15. Kd2 Rf5 16. Rhg1 Rxf3 17. Ke2 Rf4 18. Rxg7 Re8+ 19. Kf1 Re6
20. Re1 Rh6 21. Re4 Rxe4 22. dxe4 Rxh2 23. Kg1 Rh4 24. f3 f6 25. Kg2 Rh6 26. f4
Rg6+ 27. Rxg6 hxg6 28. Kf3 c5 29. Ke2 Kd7 30. Kd3 Ke6 31. Kc4 b6 32. a4 g5
33. fxg5 fxg5 34. Kd3 Ke5 35. c3 g4 36. cxd4+ cxd4 37. b4 g3 38. Ke2 Kxe4
39. b5 d3+ 40. Ke1 Ke3 41. a5 g2 42. Kd1 g1=R# 0-1

[Event "33. Potsdamer Weihnachtsturnier"]
[Site "Potsdam"]
[Date "2008.12.27"]
[Round "1"]
[White "Platzek, Rayk"]
[Black "Grigoleit, Steven"]
[Result "0-1"]
[WhiteElo "1280"]
[BlackElo "1970"]
[PlyCount "98"]

1. d4 Nf6 2. c4 g6 3. Nf3 Bg7 4. Nc3 O-O 5. e4 d6 6. Be2 Nbd7 7. Bg5 h6 8. Be3
e5 9. Qd2 Kh7 10. O-O Ng4 11. Ng5+ hxg5 12. Bxg4 exd4 13. Bxd4 Ne5 14. Be2 f5
15. f4 gxf4 16. Rxf4 Be6 17. Bxe5 dxe5 18. Qxd8 Raxd8 19. Rh4+ Kg8 20. exf5
gxf5 21. Rd1 Rxd1+ 22. Nxd1 Rd8 23. Rh3 e4 24. Rb3 Rd2 25. Kf1 b6 26. h4 Rxe2
27. Kxe2 Bxc4+ 28. Ke3 Bxb3 29. axb3 Be5 30. g4 fxg4 31. Kxe4 g3 32. Kf3 Kg7
33. Nc3 Kg6 34. Ne4 Kh5 35. Nxg3+ Kxh4 36. Nf5+ Kg5 37. Ke4 Bxb2 38. Ne7 Ba3
39. Nc6 a5 40. Kd5 Kf6 41. Kc4 Ke6 42. Kb5 Kd5 43. Nxa5 bxa5 44. Kxa5 c5
45. Kb5 Kd4 46. Ka4 Bb4 47. Kb5 Kc3 48. Ka4 Kc2 49. Kb5 Kxb3 0-1

[Event "33. Potsdamer Weihnachtsturnier"]
[Site "Potsdam"]
[Date "2008.12.27"]
[Round "1"]
[White "Bachran, Boris"]
[Black "Perestjuk, Marko"]
[Result "1-0"]
[WhiteElo "1960"]
[BlackElo "1269"]
[PlyCount "71"]

1. d4 d5 2. Nf3 e6 3. Bf4 Bd6 4. e3 f5 5. c3 Nf6 6. Bb5+ c6 7. Bxd6 Qxd6
8. Bd3 Nbd7 9. Nbd2 O-O 10. h3 a5 11. Qe2 b5 12. a4 b4 13. c4 Ba6 14. c5 Bxd3
15. Qxd3 Qc7 16. g4 Ne4 17. Ke2 Rf7 18. gxf5 exf5 19. Rag1 Raf8 20. Ng5 Nxg5
21. Rxg5 f4 22. e4 dxe4 23. Nxe4 f3+ 24. Kd1 Qf4 25. Rg4 Qf5 26. Rhg1 Nxc5
27. Nxc5 Qxd3+ 28. Nxd3 Re7 29. Ne5 c5 30. Nc6 Rd7 31. Nxa5 h5 32. Re4 Rxd4+
33. Rxd4 cxd4 34. b3 Rf7 35. Rg5 Re7 36. Rf5 1-0

[Event "33. Potsdamer Weihnachtsturnier"]
[Site "Potsdam"]
[Date "2008.12.27"]
[Round "1"]
[White "Maslov, Maxim"]
[Black "Bach, Markus"]
[Result "0-1"]
[WhiteElo "1209"]
[BlackElo "1959"]
[PlyCount "58"]

1. e4 e5 2. Nf3 Nc6 3. Bc4 Bc5 4. c3 Qf6 5. O-O Nge7 6. b4 Bb6 7. b5 Na5
8. Be2 d6 9. d4 c6 10. Bg5 Qe6 11. Bxe7 Qxe7 12. Nbd2 O-O 13. a4 Bg4 14. Qc2
Rac8 15. Qb2 Qf6 16. h3 Be6 17. dxe5 dxe5 18. c4 cxb5 19. cxb5 Rfd8 20. Rac1
Rxc1 21. Rxc1 Qf4 22. Rd1 Qg3 23. Nf1 Qxf2+ 24. Kh2 Rxd1 25. Ng3 Rd7 26. Qxe5
Bc7 27. Qg5 Qxg3+ 28. Qxg3 Bxg3+ 29. Kxg3 f6 0-1

[Event "33. Potsdamer Weihnachtsturnier"]
[Site "Potsdam"]
[Date "2008.12.27"]
[Round "1"]
[White "Richter, Hans-Peter"]
[Black "Lange, Georg"]
[Result "1-0"]
[WhiteElo "1958"]
[BlackElo "1133"]
[PlyCount "76"]

1. e4 b6 2. d4 Bb7 3. Bd3 e6 4. Nf3 Nf6 5. Qe2 Be7 6. O-O O-O 7. Re1 Nc6 8. c3
h6 9. Nbd2 Nh7 10. Nf1 Ng5 11. N3d2 d6 12. f4 Nh7 13. Nf3 Re8 14. e5 dxe5
15. fxe5 Ng5 16. N3d2 Nh7 17. Qg4 f5 18. exf6 Nxf6 19. Qxe6+ Kh8 20. Nf3 Qd5
21. Qxd5 Nxd5 22. Bg6 Rf8 23. Be4 Rad8 24. c4 Ndb4 25. a3 a5 26. axb4 Bxb4
27. Rd1 Rd6 28. Bd2 Ba6 29. Bxb4 Nxb4 30. Ne5 Re6 31. Ng6+ Rxg6 32. Bxg6 Bxc4
33. Ne3 Bb5 34. Rac1 c6 35. h4 Rf6 36. h5 Re6 37. d5 Rxe3 38. d6 Re8 1-0

[Event "33. Potsdamer Weihnachtsturnier"]
[Site "Potsdam"]
[Date "2008.12.27"]
[Round "1"]
[White "Fahsel, Nico"]
[Black "Rivera Boris, Miguel"]
[Result "0-1"]
[WhiteElo "1130"]
[BlackElo "1948"]
[PlyCount "186"]

1. d4 d5 2. c4 e6 3. cxd5 exd5 4. Nc3 Nf6 5. Bg5 Nbd7 6. Nxd5 Nxd5 7. Nf3 Bb4+
8. Bd2 Bxd2+ 9. Qxd2 O-O 10. e3 N7f6 11. Bd3 Qe7 12. a3 Nf4 13. Bf1 Bf5 14. Ne5
Ne4 15. Qa5 Ng6 16. Nxg6 Bxg6 17. Be2 Rfe8 18. O-O b6 19. Qd5 Rad8 20. Qb5 c6
21. Qb4 c5 22. dxc5 Qxc5 23. Rfc1 Qxb4 24. axb4 Rd2 25. Bb5 Red8 26. Rxa7 Rd1+
27. Rxd1 Rxd1+ 28. Bf1 h6 29. f3 Nd2 30. Kf2 Nxf1 31. Ra2 Bd3 32. b3 Rd2+
33. Rxd2 Nxd2 34. e4 Nxb3 35. Ke3 Bb5 36. g4 Na1 37. Kd4 Nc2+ 38. Kc3 Ne1
39. f4 Ng2 40. f5 Be2 41. h3 Nh4 42. Kd2 Bf1 43. Ke3 Bxh3 44. Kf4 Bf1 45. e5
Bd3 46. e6 f6 47. Ke3 Bb5 48. Kd4 Kf8 49. Kd5 Ke7 50. Kd4 Nf3+ 51. Ke4 Ne5
52. Kf4 Be2 53. g5 hxg5+ 54. Kg3 Bd3 55. Kg2 Bxf5 56. Kg3 Kxe6 57. b5 Bd3
58. Kf2 Bxb5 59. Ke3 Bd3 60. Kd2 f5 61. Ke1 b5 62. Kd2 f4 63. Ke1 g4 64. Kf2 b4
65. Kg1 b3 66. Kf2 b2 67. Kg2 b1=N 68. Kf2 g5 69. Kg2 Be4+ 70. Kf2 g3+ 71. Kg1
g4 72. Kf1 Na3 73. Kg1 Nf3+ 74. Kg2 Ng5+ 75. Kf1 Nh3 76. Ke2 g2 77. Kd2 g1=B
78. Ke2 Bd4 79. Kf1 g3 80. Ke2 g2 81. Kd2 g1=B 82. Ke2 f3+ 83. Kd2 Bge3+
84. Ke1 Kd5 85. Kf1 Bd3+ 86. Ke1 f2+ 87. Kd1 f1=B 88. Ke1 Bg2 89. Kd1 Bb2
90. Ke1 Nb5 91. Kd1 Ng5 92. Ke1 Nf3+ 93. Kd1 Nc3# 0-1

[Event "33. Potsdamer Weihnachtsturnier"]
[Site "Potsdam"]
[Date "2008.12.27"]
[Round "1"]
[White "Schaarschmidt, Kay"]
[Black "Werthmann, Nils"]
[Result "1-0"]
[WhiteElo "1942"]
[BlackElo "1123"]
[PlyCount "71"]

1. e4 c6 2. Nc3 d5 3. Nf3 Bg4 4. h3 Bh5 5. d4 Nf6 6. e5 Ne4 7. Bd3 Nxc3
8. bxc3 Qa5 9. Bd2 e6 10. O-O Qc7 11. Rb1 c5 12. Re1 c4 13. Be2 Be7 14. Nh2 Bg6
15. f4 O-O 16. Bh5 Bxh5 17. Qxh5 f6 18. exf6 Rxf6 19. Ng4 Rf5 20. Qe8+ Rf8
21. Qb5 h5 22. Ne5 b6 23. Ng6 Rf6 24. Qe8+ Bf8 25. f5 Rxf5 26. Rxe6 Rf7
27. Rbe1 Qd7 28. Ne7+ Rxe7 29. Rxe7 Qf5 30. Rf1 Qxc2 31. Qf7+ Kh7 32. Qxh5+ Kg8
33. Qxd5+ Kh7 34. Qh5+ Kg8 35. Rxf8+ Kxf8 36. Re8# 1-0

[Event "33. Potsdamer Weihnachtsturnier"]
[Site "Potsdam"]
[Date "2008.12.27"]
[Round "1"]
[White "Cech, Tim"]
[Black "Schiffermüller, Stefan"]
[Result "0-1"]
[WhiteElo "1122"]
[BlackElo "1939"]
[PlyCount "42"]

1. c4 e5 2. Nc3 Nf6 3. g3 d5 4. cxd5 Nxd5 5. Bg2 Nb6 6. Nf3 Nc6 7. O-O Be7
8. e3 Qd3 9. Re1 Nb4 10. Bf1 Qf5 11. e4 Qf6 12. d4 Bg4 13. Bg2 exd4 14. Nb5 O-O
15. Nbxd4 Rad8 16. e5 Qg6 17. Re2 c5 18. a3 Nc6 19. Nxc6 Rxd1+ 20. Re1 Rxe1+
21. Nxe1 bxc6 0-1

[Event "33. Potsdamer Weihnachtsturnier"]
[Site "Potsdam"]
[Date "2008.12.27"]
[Round "1"]
[White "Müller, Denis"]
[Black "Piel, Robert"]
[Result "1-0"]
[WhiteElo "1927"]
[BlackElo "1122"]
[PlyCount "57"]

1. e4 e5 2. Nf3 Nc6 3. Bb5 Bc5 4. O-O d6 5. c3 Bg4 6. h3 Bh5 7. g4 Bg6 8. d4
exd4 9. cxd4 Bb6 10. d5 Bxe4 11. Re1 Qe7 12. Nc3 O-O-O 13. dxc6 Nf6 14. Bg5 d5
15. cxb7+ Kb8 16. Nd4 Bxd4 17. Qxd4 Qd6 18. Bxf6 gxf6 19. Nxe4 dxe4 20. Qxd6
Rxd6 21. Rad1 Rb6 22. Bc4 Rf8 23. b3 Kxb7 24. Rxe4 c6 25. Rd7+ Kc8 26. Ree7 Rd8
27. Rxa7 Kb8 28. Rad7 Rc8 29. Rxf7 1-0

[Event "33. Potsdamer Weihnachtsturnier"]
[Site "Potsdam"]
[Date "2008.12.27"]
[Round "1"]
[White "Fuchs, Dominik"]
[Black "Segerberg, Tomas"]
[Result "0-1"]
[WhiteElo "1098"]
[BlackElo "1927"]
[PlyCount "42"]

1. e4 e6 2. d4 d5 3. Nc3 Bb4 4. e5 c5 5. a3 Bxc3+ 6. bxc3 Ne7 7. Bg5 Qa5
8. Bd2 Nbc6 9. c4 Qc7 10. cxd5 exd5 11. Be3 cxd4 12. Bxd4 Nf5 13. c3 Ncxd4
14. cxd4 Qc3+ 15. Qd2 Qxa1+ 16. Qd1 Qxd1+ 17. Kxd1 Nxd4 18. g3 Be6 19. Bg2 Rc8
20. Nf3 Nxf3 21. Bxf3 Rc3 0-1

[Event "33. Potsdamer Weihnachtsturnier"]
[Site "Potsdam"]
[Date "2008.12.27"]
[Round "1"]
[White "Brandt, Fred"]
[Black "Swoboda, Julia"]
[Result "1-0"]
[WhiteElo "1917"]
[BlackElo "1059"]
[PlyCount "95"]

1. d4 d5 2. Nf3 Nf6 3. e3 Bf5 4. Bd3 Bg6 5. O-O e6 6. b3 Bd6 7. c4 c5 8. Bb2
Bh5 9. Be2 O-O 10. Nbd2 Qc7 11. dxc5 Bxc5 12. cxd5 Nxd5 13. Rc1 Nd7 14. Ba3
Rac8 15. b4 Nxb4 16. Bxb4 Bxb4 17. Rxc7 Rxc7 18. Nd4 Bxe2 19. Qxe2 e5 20. N4b3
Rc2 21. Qd3 Rc7 22. Rc1 Rxc1+ 23. Nxc1 Nc5 24. Qc2 Rd8 25. Ndb3 Nxb3 26. Nxb3
a5 27. g3 g6 28. Qc7 Rd1+ 29. Kg2 a4 30. Qb8+ Kg7 31. Qxe5+ f6 32. Qc7+ Kh6
33. Qf4+ Kg7 34. Qxb4 axb3 35. Qxb3 Rd7 36. a4 g5 37. a5 h6 38. e4 g4 39. Qe6
Rc7 40. Qxg4+ Kh8 41. Qg6 h5 42. Qxf6+ Rg7 43. Qh6+ Kg8 44. Qxh5 Kf8 45. e5 Ke7
46. Qh4+ Kf7 47. Qf6+ Kg8 48. e6 1-0

[Event "33. Potsdamer Weihnachtsturnier"]
[Site "Potsdam"]
[Date "2008.12.27"]
[Round "?"]
[White "Nguyen Manh, Phong"]
[Black "Lenz, Tobias"]
[Result "0-1"]
[WhiteElo "1009"]
[BlackElo "1915"]
[PlyCount "120"]

1. e4 e6 2. d4 d5 3. exd5 exd5 4. Nc3 c6 5. Nf3 Bd6 6. Bd3 Nf6 7. Bg5 O-O
8. O-O Bg4 9. Be2 Nbd7 10. Re1 Qc7 11. Qd2 Bxf3 12. Bxf3 Bxh2+ 13. Kh1 Bd6
14. g3 Rae8 15. Kg2 Rxe1 16. Rxe1 Re8 17. Rxe8+ Nxe8 18. Ne2 Ndf6 19. Nf4 h6
20. Bxf6 Bxf4 21. gxf4 Nxf6 22. Kg3 Qe7 23. Qd3 Qe1 24. Qb3 Qg1+ 25. Kh3 Qxf2
26. Qd3 Qe1 27. Qf5 Qe6 28. Bg4 Nxg4 29. Qxg4 Qxg4+ 30. Kxg4 g6 31. c3 f5+
32. Kh4 Kg7 33. b3 Kf6 34. c4 b6 35. a4 Ke6 36. Kg3 g5 37. cxd5+ Kxd5 38. Kf3
Kxd4 39. b4 Kc4 40. a5 Kxb4 41. axb6 axb6 42. Kg3 Kc4 43. fxg5 hxg5 44. Kf3 c5
45. Ke3 b5 46. Kd2 f4 47. Kc2 g4 48. Kd2 Kd4 49. Kc2 c4 50. Kb2 b4 51. Kc2 f3
52. Kd2 g3 53. Kd1 Ke3 54. Ke1 g2 55. Kd1 g1=B 56. Ke1 Bf2+ 57. Kf1 Bg3 58. Kg1
Ke2 59. Kh1 b3 60. Kg1 b2 0-1

[Event "33. Potsdamer Weihnachtsturnier"]
[Site "Potsdam"]
[Date "2008.12.27"]
[Round "1"]
[White "Fuchs, Raimond"]
[Black "Müller, David"]
[Result "1-0"]
[WhiteElo "1914"]
[BlackElo "888"]
[PlyCount "39"]

1. e4 {[%emt 0:00:00]} 1... e6 2. d4 d5 3. Nc3 c5 4. dxc5 Bxc5 5. exd5 exd5
6. Nxd5 Be6 7. Be3 Bxe3 8. Nxe3 Nc6 9. Nf3 Nge7 10. Bd3 O-O 11. O-O Qb6 12. Ng5
Ng6 13. Qh5 h6 14. Nxe6 fxe6 15. Qxg6 Rf6 16. Qh7+ Kf7 17. Ng4 Rf4 18. Bg6+ Ke7
19. Rad1 Rxg4 20. Qxg7# 1-0

[Event "33. Potsdamer Weihnachtsturnier"]
[Site "Potsdam"]
[Date "2008.12.27"]
[Round "1"]
[White "Maseela, Kirian"]
[Black "Markus, Nico"]
[Result "0-1"]
[WhiteElo "788"]
[BlackElo "1909"]
[PlyCount "66"]

1. e4 {[%emt 0:00:00]} 1... e5 2. d4 exd4 3. c3 Nc6 4. Nf3 d5 5. exd5 Qxd5
6. cxd4 Bb4+ 7. Bd2 Nf6 8. Bxb4 Nxb4 9. Nc3 Qe6+ 10. Qe2 Nd3+ 11. Kd2 Qxe2+
12. Bxe2 Nxf2 13. Bb5+ c6 14. Rhe1+ Kf8 15. Re2 cxb5 16. Rae1 Bd7 17. Ne5 N2g4
18. Nd5 Nxe5 19. dxe5 Nxd5 20. e6 Bxe6 21. g4 Ke7 22. Rc1 Rac8 23. Rf1 Rhd8
24. Rf5 Nf4+ 25. Ke1 Nxe2 26. Rxb5 Nf4 27. Rxb7+ Rd7 28. Rxd7+ Kxd7 29. a4 Rc2
30. b4 Bxg4 31. b5 Nd3+ 32. Kf1 Bh3+ 33. Kg1 Rc1# 0-1

[Event "33. Potsdamer Weihnachtsturnier"]
[Site "Potsdam"]
[Date "2008.12.27"]
[Round "1"]
[White "Scholz, Robert"]
[Black "Semmler, Eva"]
[Result "1-0"]
[WhiteElo "1906"]
[BlackElo "781"]
[PlyCount "103"]

1. c4 e5 2. Nc3 Nf6 3. g3 Bc5 4. Bg2 O-O 5. Nf3 d6 6. Rb1 Ng4 7. O-O Be6 8. d3
Nc6 9. e3 h6 10. a3 a6 11. h3 Nf6 12. b4 Bb6 13. Ne1 a5 14. Kh2 Qd7 15. b5 Ne7
16. Na4 Ba7 17. b6 cxb6 18. Nxb6 Bxb6 19. Rxb6 Ra6 20. Rxb7 Qd8 21. a4 Bc8
22. Rb8 Rb6 23. Ra8 Rb4 24. Bd2 Rb2 25. Bxa5 Qd7 26. Qa1 Rb3 27. Qa2 Ng4+
28. hxg4 Bb7 29. Rxf8+ Kxf8 30. Qxb3 Bxg2 31. Nxg2 Kg8 32. Qb5 Qxg4 33. Qe8+
Kh7 34. Qxe7 Qh5+ 35. Kg1 Qg6 36. Rd1 f6 37. Qxd6 Qh5 38. Rd2 Kg6 39. Nh4+ Kh7
40. Qd7 Qg5 41. Bb4 h5 42. a5 Kh6 43. Bf8 Kh7 44. Qf5+ Qxf5 45. Nxf5 g5 46. Ne7
f5 47. a6 e4 48. d4 Kh8 49. a7 Kh7 50. a8=Q Kh8 51. Qd5 Kh7 52. Qg8# 1-0